000
00318nam a22001217a 4500
008
160511b xxu||||| |||| 00| 0 eng d
020
_a
9781455723706
020
_a
ISSN 00257125
041
_a
eng
080
_a
61
245
_a
Medical clinics of north america / Pulmonary diseases:
_c
Ali I.Musani MD;
942
_2
udc
_c
BK
999
_c
2054
_d
2054